00709nam a2200217Ia 4500008004100000020001700041040001400058082002100072100002200093245003900115260005000154300001100204365002600215366000800241505002200249530003000271620008000301630003900381650003200420730003900452100315s9999 xx 000 0 und d a8122402895  cENGLISH  b10097 a658.3  a"Akhilesh, K.B. " aPersonnel Profession in Transition aNew Delhi bWiley Eastern Limited  c1990  a115   eRupees d1 b0.00  f0  gVaibhav Gaikwad  bDonated By RBI Library   a"Personnel Profession in Transition, Human Resource Management, RBI Book " aPersonnel Profession in Transition aHUMAN RESOURCE MANAGEMENT  aPersonnel Profession in Transition